000 01883cam a22004694i 4500
003 PE-LiUPU
005 20250731173552.0
008 150616s r 000 0 d
020 _a0800627725
035 _a(Sirsi) i9780800627720
040 _aPE-LiUPU
_bspa
_cPE-LiUPU
_erda
049 _aPRUA
082 0 4 _a230.221
_bCh53
_221
100 1 _aChilds, Brevard S.,
_eautor.
245 1 0 _aOld Testament Theology in a Canonical Context /
_cBrevard S. Childs.
264 1 _aPhiladelphia :
_bFortress Press,
_c1989.
300 _a255 páginas :
_b22 cm.
336 _atext
_2rdacontent
337 _aunmediated
_2rdamedia
338 _avolume
_2rdacarrier
505 0 _aIntroduction to old testament theology.- the old testament as revelation.- How God is known.- God's purpose in revelation.- the law of God.- Knowing and doing the will of God.- The theological significance of the decalogue.- the role of the ritual and purity laws.- The recipients of God's revelations.- Agents of God's rule: Moses, Judges, kings.- the office and function of the prophets.- The theological role of priesthood.- Etc...
526 _aSEG42
526 _aSEG41
526 _aSEG40
526 _aSEG39
526 _aP94
526 _aP87
526 _aP86
526 _aP85
526 _aP77
526 _aP76
526 _aP35
630 _aBiblia.
_pA.T.
_xTEOLOGIA.
650 0 4 _a
910 _ajck
_bjvq
_cjck
942 _2ddc
_cBOOK
949 _a230.221 CH53
_wDEWEY
_c1
_i43190
_lCCODEBUL1
_mBUL
_r0
_sY
_tBOOK
_u2015-6-16
_xTEOLOGIA
_zUNKNOWN
_0COMPRA
_o.STAFF. Colección General
994 _aC0
_bPEPRU
596 _a1
999 _a230.221 CH53
_wDEWEY
_c61150
_i43190
_d61150
_f2021-11-11
_g5
_lCCODEBUL1
_mBUL
_q2
_r0
_sY
_tBOOK
_u2015-6-16
_xTEOLOGIA
_zUNKNOWN
_0COMPRA
_o.STAFF. Colección General
980 _81
_gALBERTO SANCHEZ Responsable de Automatización